MARC

LEADER 00000nam0a2200000 4500
001 56119
005 20231101211602.0
010 |a 5283044351 
035 |a (RuTPU)RU\TPU\book\58910 
090 |a 56119 
100 |a 20030924d1989 km y0rusy50 ca 
101 0 |a rus 
102 |a RU 
105 |a a z 001zy 
200 1 |a Рентгеновские трубки технического назначения  |f С. А. Иванов, Г. А. Щукин 
210 |a Ленинград  |c Энергоатомиздат  |d 1989 
215 |a 200 с.  |c ил. 
320 |a Библиогр.: с. 195-199. 
606 |a Трубки рентгеновские  |2 stltpush  |3 (RuTPU)RU\TPU\subj\61685  |9 78848 
606 |a Рентгенотехника  |x Материаловедение  |2 stltpush  |3 (RuTPU)RU\TPU\subj\53511  |9 71716 
610 1 |a расчет 
610 1 |a физические процессы 
610 1 |a физика 
610 1 |a аноды 
610 1 |a электрическая прочность 
610 1 |a металлокерамика 
675 |a 621.386  |v 3 
675 |a 620.179.152  |v 3 
700 1 |a Иванов  |b С. А.  |g Станислав Алексеевич 
701 1 |a Щукин  |b Г. А.  |g Геннадий Анатольевич 
801 1 |a RU  |b 63413507  |c 20030924  |g PSBO 
801 2 |a RU  |b 63413507  |c 20180326  |g PSBO 
942 |c BK